000 00319 a2200157 4500
001 160960
020 _a
040 _cMagnum
100 _a-
240 1 0 _aO casamento de dona baratinha
_lpor
245 1 0 _aO casamento de dona baratinha
362 0 _a1899
440 1 _aFTD
697 _aIJ/FABULAS
942 _cBK
999 _c160960
_d160960